[Event "Osasco Franca Garcia Memorial 20th"]
[Site "Osasco"]
[Date "2004.07.07"]
[Round "8"]
[White "Perelshteyn, Eugene"]
[Black "Needleman, Alejandro"]
[Result "1-0"]
[WhiteElo "2500"]
[BlackElo "2420"]
[Annotator "Postny,E"]
[PlyCount "109"]
[EventDate "2004.07.01"]
[EventType "tourn"]
[EventRounds "9"]
[EventCountry "BRA"]
[EventCategory "9"]
[SourceTitle "CBM 103"]
[Source "ChessBase"]
[SourceDate "2004.11.11"]
[SourceVersion "1"]
[SourceVersionDate "2004.11.11"]
[SourceQuality "1"]

1. d4 c5 2. d5 Nf6 3. Nc3 (3. c4 {may lead to either Benoni defense or Benko
gambit.}) 3... g6 4. e4 d6 5. Bb5+ Bd7 {5...Nbd7 and 5...Nfd7 playable as well.
} 6. a4 Bg7 7. Nf3 O-O 8. O-O e6 {A typical breakthrough in Benoni-like setup,
though a rare one in this concrete position.} (8... Bxb5 9. axb5 Nbd7 10. Qe2
Nb6 11. Rd1 Nfd7 {--> 1/2-1/2 Romanishin,O-Eingorn,V/Chalkidiki 2002/CBM 92 
[Finkel] (47)}) (8... Bg4 9. h3 Bxf3 10. Qxf3 Na6 11. Re1 Nc7 12. Bc4 Nd7 13.
Qg3 b6 14. f4 a6 15. e5 Rb8 $132 {[%cal Gb6b5] 0-1 Dembo,Y-Postny,E/Budapest
2002/CBM 88 ext (49)}) (8... Na6 9. Re1 (9. Bxa6 bxa6 10. Nd2 Rb8 11. Qe2 e6
12. Qxa6 exd5 13. Qxd6 d4 14. Nb5 Re8 15. Qxc5 Nxe4 16. Nxe4 Rxe4 $44 {1/2-1/2
Dorfman,J-Tal,M/Leningrad 1977/URS-ch (27)}) 9... Nc7 10. Bf1 e5 11. dxe6 Bxe6
{--> 1-0 De Vreugt,D-Malakhov,V/Lausanne 2000/CBM 78 [Finkel] (36)}) 9. dxe6 (
9. Bxd7 Qxd7 10. dxe6 fxe6 11. e5 dxe5 12. Nxe5 Qxd1 13. Rxd1 Nd5 14. Nxd5 Bxe5
15. Ne3 Nc6 16. c3 $14 {1/2-1/2 Giaccio,A-Malbran,G/Buenos Aires 1999/EXT 2000
(100)}) 9... Bxe6 {Black is now intending to carry out the d6-d5 advance and
solve completely the opening problems, so white's next move looks quite
logical.} 10. Ng5 Bg4 $146 (10... Nc6 11. Nxe6 fxe6 12. Bxc6 bxc6 13. Bg5 Qb8
14. Qd3 d5 $15 {1/2-1/2 Addison,B-Levermore,P/Durham 2002/EXT 2003 (26)}) 11.
f3 Bc8 {[%csl Rg5][%cal Gh7h6]} 12. f4 Qe7 $2 {It was much better to develop
the light pieces at first.} (12... Nc6 $13) 13. f5 $1 {This move is quite in
the spirit of the position.} h6 14. Nh3 Nc6 ({Very bad for black is} 14... Nxe4
$2 15. Nxe4 Qxe4 16. f6 {[%csl Rg7]}) 15. Bc4 $2 {It was much stronger to
bring the knight towards the d5 square.} (15. Nf4 $1 gxf5 (15... g5 16. Nfd5
Nxd5 17. Nxd5 Qxe4 18. f6 $18) (15... Ne5 16. Nfd5 Qd8 17. Nxf6+ Qxf6 18. Nd5
$18 {[%cal Gf5f6]}) (15... Nb4 $5 16. fxg6 Nxe4 $16) 16. exf5 Nd4 (16... Bxf5
17. Nfd5 Nxd5 18. Nxd5 Qd7 19. Rxf5 Qxf5 20. Bxc6 $18) 17. Nfd5 Nxd5 18. Nxd5
Qe4 {[%tqu "En","How should white continue?","","","c1h6","",10]} 19. Bxh6 $1
Qxd5 20. Bxg7 Kxg7 21. Qg4+ Kf6 22. Qh4+ Kg7 23. Qg5+ Kh7 24. Rf4 Nxf5 25. Bd3
$18) 15... gxf5 16. exf5 $6 ({Again it was possible} 16. Nf4 {[%cal Gf4d5,
Gf4g6]} Ne5 17. Nfd5 Nxd5 18. Nxd5 $36) 16... Nd4 17. g4 d5 $1 {Sacrificing a
pawn for the initiative. It should be noted that white's king is quite
vulnerable.} 18. Nxd5 Nxd5 19. Bxd5 Rd8 ({Black achieves nothing after} 19...
Ne2+ $6 20. Kg2 Nxc1 21. Qxc1 Qe2+ 22. Nf2) 20. c4 (20. Nf4 Be5 $36) 20... Rxd5
$1 {The only way to keep the initiative.} 21. cxd5 Ne2+ (21... Qe4 22. Ra3 $1
$16) 22. Kf2 Bd4+ 23. Kf3 $1 ({After} 23. Kg2 b6 $1 {[%csl Rg2][%cal Gc8b7,
Gb7g2] black has dangerous attack.} (23... Qe4+ $2 24. Rf3 Qxg4+ $2 25. Rg3 $18
{[%cal Rd1g4]})) 23... b6 $1 24. Qxe2 (24. Re1 Qh4 $1 $44) 24... Qxe2+ 25. Kxe2
Ba6+ 26. Kf3 (26. Ke1 $2 Re8+) 26... Bxf1 27. Nf4 Bc4 {[%csl Gc4,Gd4] White's
extra pawn is fully compensated by the pair of strong bishops.} 28. Rb1 Bb3 {
It looks like black was quite optimistic about his chances.} ({Black could
repeat the position by} 28... Ba2 29. Ra1 Bc4) 29. Be3 Be5 $6 (29... Bxe3 30.
Kxe3 Re8+ (30... Bxa4 $2 31. Ra1 Bb5 32. f6 $1 $16) 31. Kf3 Rd8 $11) 30. a5 Rd8
31. axb6 axb6 32. Ra1 Rb8 $6 {Preparing the advance of queenside pawns, but
it's too slow...} (32... Bxd5+ $4 33. Nxd5 Rxd5 34. Ke4 $18 {[%csl Rd5,Re5]}) (
32... Kh7 $5 {followed by 33...Bxf4 and 34...Bxd5.}) 33. Bd2 b5 (33... Rd8 $142
) 34. Bc3 Bxc3 $2 {This is just too much.} ({The only reasonable was} 34...
Bxf4 35. Kxf4 Bxd5 36. Ra6 Kh7) 35. bxc3 b4 36. Rc1 Ba4 37. Nd3 b3 38. Nb2 {
Black's passed pawn is blocked. White has an extra pawn and a winning position.
} Bd7 39. Ra1 c4 40. Ke3 Re8+ 41. Kd4 Re2 42. Nxc4 Rg2 43. h3 h5 44. Ne5 Rc2
45. Rb1 Ba4 46. Nc4 {[%csl Rb3][%cal Gc4b6]} hxg4 47. hxg4 Rg2 48. Nb6 Rxg4+
49. Ke5 Bb5 50. Rxb3 {White's two connected passed pawns promise him an easy
win.} Bd3 51. d6 Kf8 52. Nd7+ Kg7 53. Nf6 Ra4 54. d7 Ra8 55. Rb6 1-0

[Event "Asia-ch 5th"]
[Site "Hyderabad"]
[Date "2005.10.12"]
[Round "6"]
[White "Koneru, Humpy"]
[Black "Megaranto, Susanto"]
[Result "0-1"]
[WhiteElo "2540"]
[BlackElo "2530"]
[Annotator "Postny,E"]
[PlyCount "68"]
[EventDate "2005.10.05"]
[EventType "swiss"]
[EventRounds "9"]
[EventCountry "IND"]
[SourceTitle "CBM 110"]
[Source "ChessBase"]
[SourceDate "2006.01.31"]
[SourceVersion "1"]
[SourceVersionDate "2006.01.31"]
[SourceQuality "1"]

1. d4 c5 2. d5 e6 3. e4 Nf6 4. Nc3 d6 5. Nf3 e5 {Black's opening play is not
the one which should be matched to. He lost one tempo already, because this
position can arise after the following order of moves: 1.d4 c5 2.d5 e5 3.e4 d6
4.Nc3 Nf6 5.Nf3 with black's turn to move. It is true, that in this closed
type position this tempo does not have much significance, but still, white
already enjoys a comfortable advantage.} (5... exd5 6. exd5 Be7 {is a playable
theoretical line.}) 6. Nd2 {The knight is heading for the ideal square c4,
where it will put pressure on black's main weakness Pd6.} (6. Bb5+ Bd7 7. a4
Bxb5 8. axb5 Nbd7 9. Be3 g6 10. Nd2 Bg7 11. O-O O-O 12. Ra3 Nh5 13. g3 $14 {
1-0 Vladimirov,E (2628)-Rathnakaran,K (2375)/Pune 2004/CBM 102 ext (60)}) 6...
Be7 7. Bd3 {White develops the bishop on d3 in order to fight against the
forthcoming black's counterplay by f7-f5.} ({Another option is} 7. Be2) 7...
Nbd7 8. O-O Nf8 9. Nc4 {[%csl Gc4]} Ng6 10. a4 O-O 11. Re1 {This is not
necessary. In my opinion it was more precise to begin the operations on the
queenside as soon as possible.} (11. Rb1 $142 Ne8 12. b4 Bg5 13. Ba3 {saving
the dark-squared from the exchange.}) 11... Ne8 {The advance f7-f5 is the only
available plan for black.} 12. g3 Bg5 {The exchange of dark-squared bishops
obviously favours black in this kind of pawn structure.} 13. Rb1 Bxc1 14. Qxc1
Nc7 15. Qe3 b6 16. b4 cxb4 17. Nb5 $5 (17. Rxb4 f5 18. exf5 Ne7 19. Be4 Nxf5
$132) 17... Nxb5 18. axb5 f5 19. exf5 Bxf5 20. Bxf5 Rxf5 21. Rxb4 Qc7 22. Qd2
$2 {Wrong place for the queen. White should use the d2 square to transfer his
knight to an ideal e4 outpost.} (22. Nd2 Raf8 (22... Qxc2 $2 23. Rc4 Qb2 24.
Rb1 Qa2 25. Qc3 {[%csl Ra2][%cal Gb1a1] trapping the queen.}) 23. Ne4 $13 Qxc2
$6 24. Qe2 $1 Qxe2 25. Rxe2 Rd8 26. Rc4 {[%csl Ra7,Rd6][%cal Gc4c7,Gc4c6]
gives white a comfortable compensation for the pawn.}) 22... Raf8 23. Re2 Rf3
24. Ne3 Ne7 25. Ra4 Qd7 {Black has the initiative. White's pieces are not
harmoniously placed.} 26. Qb4 R8f7 27. Rd2 h6 28. Ra1 (28. Qg4 $2 Qxb5 29. Rxa7
Rxe3 30. fxe3 Qf1#) 28... Nf5 29. Nc4 $2 {This move is careless. It was
necessary to exchange the knights, since black's is potentially dangerous
attacking piece...} (29. Nxf5 Qxf5 30. Rf1 Rf6 $15) 29... Rf6 30. c3 {It is
necessary to cover d4 square.} h5 31. Kg2 $4 {Black's offensive is already
very dangerous, but this move is like a "help-mate".} (31. Rda2 Nh4 32. Ne3
R3f4 33. Qb1 (33. Rxa7 Qh3 $19) (33. gxf4 Qh3 $19) 33... Qh3 34. gxh4 Rxh4 35.
f3 $1 (35. Nf1 e4 $1 $19 {[%cal Ca2a7,Gf6g6]}) 35... Rxf3 36. Rg2 Rxe3 37. Rxa7
Rg3 38. hxg3 Qh1+ 39. Kf2 Qxb1 40. gxh4 g6 $17) {[%tqu "En","Please enter a
move for Black.","","","f5h4","",10]} 31... Nh4+ $1 32. Kg1 (32. gxh4 Qh3+ 33.
Kh1 Rxf2 {mating.}) 32... Qh3 33. Ne3 R3f4 $1 {[%cal Ce3d1,Ch3g2,Rh4f3] The
most precise move.} 34. Qxf4 exf4 0-1

[Event "Olympiad-36"]
[Site "Mallorca"]
[Date "2004.10.17"]
[Round "3"]
[White "Van Wely, Loek"]
[Black "Gonzalez Zamora, Juan Carlos"]
[Result "1-0"]
[WhiteElo "2681"]
[BlackElo "2524"]
[Annotator "Postny,E"]
[PlyCount "133"]
[EventDate "2004.10.15"]
[EventType "team-swiss"]
[EventRounds "14"]
[EventCountry "ESP"]
[SourceTitle "CBM 104"]
[Source "ChessBase"]
[SourceDate "2005.01.27"]
[SourceVersion "1"]
[SourceVersionDate "2005.01.27"]
[SourceQuality "1"]
[WhiteTeam "Netherlands"]
[BlackTeam "Mexico"]
[WhiteTeamCountry "NED"]
[BlackTeamCountry "MEX"]

1. d4 e6 2. c4 c5 3. d5 exd5 4. cxd5 d6 5. e4 Ne7 {A rare move. Black
transfers the knight to g6, where it controls important e5 and f4 squares.
Still, with precise play white should keep the advantage in this line.} (5...
Nf6 6. Nc3 g6 {leads to Benoni defense.}) 6. Nc3 Ng6 7. f4 {This is the most
logical and principled continuation.} (7. Be2 Be7 8. Nf3 O-O 9. O-O Bf6 10. Be3
Re8 11. Nd2 a6 12. a4 Nd7 13. Re1 Bd4 14. Nc4 Qf6 15. Qd2 Nde5 16. Nxe5 Qxe5
17. Bf1 Bd7 18. a5 Bxe3 19. Rxe3 Qd4 $132 {0-1 Ionov,S-Gavrilov,A/St
Petersburg 2001/EXT 2002 (43)}) 7... Be7 8. Nf3 O-O (8... Bf6 9. Bd3 O-O 10.
O-O Nd7 11. Re1 Re8 12. Nb5 Qb6 13. a4 c4+ 14. Be3 Nc5 15. e5 dxe5 16. b4 cxb3
17. Rc1 b2 18. Rxc5 exf4 19. Bf2 $18 {1-0 Thorfinnsson,B-Westerinen,H/Izmir
2004/CBM 102 ext (37)}) 9. Bc4 $146 {In the preceding games white always put
his light-squared bishop on e2, keeping an option of transfering the knight to
c4 by Nf3-d2-c4. In general, c4 is a good place for the bishop. White just has
to be on his guard, not to be kicked by b7-b5 thrust.} (9. Be2 Bf6 10. O-O a6
11. a4 Bg4 12. Be3 Re8 13. Qc2 Nd7 14. Nd2 Bxe2 15. Nxe2 b5 16. axb5 axb5 $15 {
0-1 Lain,L-Zelcic,R/Lido Estensi 2002/CBM 88 ext (43)}) 9... Nd7 $6 {Basicly,
in this kind of "Benoni type" positions, it's recommended for black to
exchange his light-squared bishop. Therefore 9...Bg4 should have been prefered.
} 10. a4 a6 ({Comes to consideration} 10... Nh4) 11. g3 {Covering the h4
square.} Bf6 12. O-O {Objectively speaking, white has stable plus thanks to
his big space advantage, while black does not have opportunities for a real
counterplay.} Re8 13. Re1 Rb8 14. Kg2 h6 ({Black can carry out b7-b5 advance
only at the price of the exchange of the dark-squared bishop:} 14... Bxc3 $6
15. bxc3 b5 16. axb5 axb5 17. Bd3 $16) 15. h3 Ndf8 16. a5 b5 {Without this
move black is doomed to passivity.} 17. axb6 Rxb6 18. Qd3 Qd7 $1 {[%csl Rh3]}
19. Rh1 Nh7 20. Ra2 (20. Bxa6 $2 Rxa6 21. Rxa6 Bxc3 22. bxc3 Bxa6 23. Qxa6 Rxe4
$15) 20... Qe7 $2 {Missing the chance for a counterplay.} (20... Bxc3 $1 21.
bxc3 f5 22. exf5 Qxf5 23. Qxf5 Bxf5 24. Rxa6 Rxa6 25. Bxa6 Be4 26. Rd1 Ra8 27.
Be2 Ra2 28. Kf2 Nf6 29. c4 Bc2 $1 $44) 21. Bd2 Nhf8 ({Does not work:} 21...
Bxc3 $2 22. Bxc3 Nf6 (22... Qxe4 $2 23. Re1 $18) 23. e5 {and white is
dominating.}) 22. b3 Rb8 23. Raa1 {Van Wely decided that the rook has nothing
to do on the "a" file and transfering it to the "e" file in order to support
the e4-e5 breakthrow.} Kh8 24. Rae1 {White achieved an ideal position.} Bd7 25.
h4 ({White could already win material by} 25. e5 dxe5 26. d6 Qd8 27. Bxf7 exf4
28. Bxg6 Nxg6 29. Qxg6 Rxe1 30. Rxe1 Bc6 {but, probably Van Wely thought that
black retains some chances.}) 25... Qd8 26. Re2 $6 {This is already too slow.}
(26. h5 Bxc3 (26... Ne7 27. e5 $18 {[%csl Rf6]}) 27. Bxc3 Ne7 28. Bxa6 {
with a pawn up and a better position.}) 26... Bc8 27. Bxa6 Bxa6 28. Qxa6 Qd7 (
28... Rxb3 29. Nb5 {[%csl Rd6]} Qb8 30. Nxd6 Rb6 31. Nxf7+ Kg8 32. Qc4 Kxf7 33.
d6+ Ne6 34. e5 $18) 29. Qd3 Qg4 (29... Rxb3 30. h5 Ne7 31. e5 $18) 30. h5 Bxc3
31. hxg6 Bxd2 32. gxf7 Bxf4 $1 {The exchange sacrifice is black's best chance.}
(32... Re7 33. Rxd2 {is hopeless for black.}) 33. fxe8=Q Rxe8 (33... Qxg3+ $2
34. Kf1 Rxe8 35. Rg2 $18 {[%csl Rg3]}) 34. Nh2 Qg6 35. Qf3 Be5 36. Ng4 Bd4 37.
Rf1 (37. Rhe1 $1 {[%cal Ge4e5]} Nd7 38. Qf5 $18) 37... Nd7 38. Qf7 Qxf7 39.
Rxf7 Ne5 40. Nxe5 Bxe5 {Black is a clear exchange down, but has some chances
to build a fortress.} 41. Rc7 $6 {Allowing black to activate his rook.} (41.
Ref2 $142 Kg8 42. Rb7) 41... Rb8 42. Re3 Kh7 43. Re7 Rb4 {White's win is now
very problematic, if possible at all.} 44. Kf3 Kg6 45. Re6+ Kg5 46. Rd3 h5 $2 (
{Necessary was} 46... Rb7) {[%tqu "En","What would you suggest for white?","",
"","e6e5","Transforming the advantage into a winning rooks endgame.",10]} 47.
Rxe5+ $1 {Transforming the advantage into a winning rooks endgame.} dxe5 48. d6
Rb8 49. d7 Rd8 50. Rd6 $1 $18 h4 (50... g6 51. Kg2 Kh6 52. Kh2 Kg7 (52... Kg5
53. Kh3 h4 54. Kg2 $1 hxg3 55. Kxg3 Kh5 56. Rd5 g5 57. Rd6 $18) 53. Kh3 Kf7 54.
Kh4 Ke7 55. Rd5 Rxd7 56. Rxd7+ Kxd7 57. Kg5 Kc6 58. Kxg6 Kb5 59. Kxh5 Kb4 60.
g4 Kxb3 61. g5 c4 62. g6 c3 63. g7 c2 64. g8=Q+ $18 {[%csl Rb3]}) 51. Kg2 hxg3
52. Kxg3 g6 53. Rd5 Kf6 54. Kg4 g5 (54... Ke6 55. Kg5 Rxd7 56. Rxd7 Kxd7 57.
Kxg6 Ke6 58. Kg5 $18) 55. Rd1 Ke7 56. Rd3 $1 ({Less accurate is} 56. Kxg5 Rg8+
57. Kf5 Kd8) 56... Ke6 57. Kxg5 Rg8+ 58. Kh6 Rd8 59. Kg7 Ke7 60. Rd1 Ke6 61.
Rd5 Ke7 62. Rxe5+ Kd6 63. Rd5+ Ke6 64. Rd1 Ke7 65. e5 Ke6 66. Rd2 Ke7 67. Rd6 {
[%mdl 4096] The final zugzwang!} 1-0

[Event "RUS-ch sf 58th"]
[Site "Kazan"]
[Date "2005.09.04"]
[Round "2"]
[White "Yevseev, Denis"]
[Black "Zvjaginsev, Vadim"]
[Result "0-1"]
[WhiteElo "2537"]
[BlackElo "2659"]
[Annotator "Postny,E"]
[PlyCount "78"]
[EventDate "2005.09.03"]
[EventType "swiss"]
[EventRounds "9"]
[EventCountry "RUS"]
[SourceTitle "CBM 109"]
[Source "ChessBase"]
[SourceDate "2005.11.14"]
[SourceVersion "1"]
[SourceVersionDate "2005.11.14"]
[SourceQuality "1"]

1. d4 e6 2. Nf3 c5 3. g3 (3. e4 {leads to Sicilian Paulsen.}) (3. c4 {might
lead to various closed openings.}) 3... Nc6 4. Bg2 Qa5+ {This check seems to
be Zvjaginsev's pet line.} ({More common continuations are:} 4... Nf6) (4... d5
) (4... cxd4) 5. c3 (5. Nc3 $6 Nf6 6. O-O d5 7. a3 Be7 8. dxc5 Qxc5 9. Be3 Qa5
10. Nd4 O-O 11. Nb3 Qd8 12. Bc5 Bxc5 13. Nxc5 Qe7 14. Nb3 Rd8 $15 {0-1
Maherramzade,J-Zvjaginsev,V/Ubeda 2000 (45)}) 5... cxd4 6. Nxd4 Nf6 (6... Nxd4
7. Qxd4 Nf6 8. b4 (8. e4 Bc5 9. Qd1 Qc7 10. O-O h6 11. Qc2 e5 12. Nd2 O-O 13.
a4 a6 14. Nc4 d6 15. Be3 Be6 16. a5 Rad8 17. Nb6 {1/2-1/2 Krasenkow,
M-Zvjaginsev,V/New York 1997}) 8... Qb6 9. Be3 Qxd4 10. Bxd4 d5 11. Nd2 Be7 12.
e4 O-O 13. O-O Rd8 $11 {1/2-1/2 Lputian,S-Zvjaginsev,V/Poikovsky 2001 (30)}) 7.
O-O Be7 8. c4 {After all, we got the typical structure for the English opening.
Compared to a standard position White lost one tempo by 5.c3 and 8.c4. On the
other hand, Black's queen might be misplaced on a5.} (8. e4 O-O 9. Nd2 Qc7 10.
Nc4 Nxd4 11. Qxd4 d6 12. b3 Rd8 13. e5 dxe5 14. Qxe5 Nd5 15. Qxc7 Nxc7 16. Na5
Bf6 17. Nxb7 Bxb7 18. Bxb7 Rab8 19. Bf3 Bxc3 20. Bg5 Bxa1 21. Bxd8 Rxd8 22.
Rxa1 Kf8 $11 {1/2-1/2 Arencibia,W-Franco,Z/Ponferrada 1997 (46)}) 8... O-O 9.
Nc3 (9. Nb3 Qc7 10. Nc3 a6 11. Bf4 d6 12. Rc1 Ne5 13. c5 d5 14. Qd4 Nfd7 15. e4
dxe4 16. Nxe4 f6 17. Nd6 Rd8 18. Qe3 Bxd6 19. cxd6 Qxd6 20. Rfd1 Qf8 21. Nd4
Re8 22. h4 $16 {1-0 Garcia Ilundain,D-Franco,Z/Salamanca 1998 (42)}) 9... Qb4 {
This is actually the only way to justify Black's early queen jump.} 10. Ndb5 $1
a6 ({Accepting the pawn is risky for black:} 10... Qxc4 11. Bf4 d5 (11... e5 $6
12. Bg5 $36 {[%csl Yd5,Yd6]}) 12. Rc1 Qb4 13. a3 Qa5 14. Nc7 (14. b4 $6 Qd8 15.
Nc7 Rb8 16. N7xd5 (16. b5 Bd6 $1 $15) 16... exd5 17. Bxb8 Nxb8 18. Nxd5 Nxd5
19. Qxd5 Qb6 $15) 14... Rb8 15. b4 Qxa3 16. b5 (16. N7b5 $6 Qxb4 17. Bxb8 Nxb8
18. Nxa7 Bd7 19. Qd3 Qb6 20. Nab5 Nc6 $15) 16... e5 17. bxc6 exf4 18. N7b5 Qa5
19. c7 Ra8 20. Nxd5 Nxd5 21. Qxd5 $36 {[%csl Gc7]}) 11. Na3 Rd8 12. e4 Rb8 13.
Qe2 d6 {A typical "hedgehod setup" position has arisen.} 14. Be3 Bd7 15. Rab1
Rdc8 16. Rfd1 Be8 17. Bd2 {White keeps the knight on a3 in order to prevent
the advance b7-b5.} ({Black is ok after} 17. Nc2 Qa5 18. b4 Qc7 {White's
knights on the c-file might become a target after the possible b7-b5 thrust.})
17... Qc5 18. b4 Qh5 {The exchange of the queens does not change the
evaluation of the position as approximately equal.} (18... Nxb4 $6 19. e5 $1 (
19. Rxb4 Qxb4 20. Nd5 Qxa3 21. Nxe7+ Kh8 22. Nxc8 Rxc8 $15) 19... Qxe5 20. Rxb4
Qxe2 21. Nxe2 d5 22. Rdb1 (22. Rb3 $2 Ba4) 22... Bxb4 23. Bxb4 $14) 19. Qxh5
Nxh5 20. Bf3 (20. f4 Nf6 $11) 20... Nf6 21. Bf4 Ne5 22. Be2 Nfd7 {Black is now
threatening 23...b5, since the Nc3 is unprotected.} 23. c5 $2 {This idea is
quite typical for this setup, but in this concrete case it simply does not
work.} ({White should play a solid move like} 23. Rb3 {protecting the Nc3. The
chances are approximately equal.}) 23... dxc5 24. b5 g5 $1 {Yevseev probably
overlooked or underestimated this strong move.} 25. Bxe5 {If white retreats
with the bishop, then his compensation for the pawn is simply insufficient.}
Nxe5 26. bxa6 bxa6 27. Bxa6 {White gained back the pawn, but he can not be
satisfied with his position. His knights are quite passive and there are
numerous weak squares in his camp. Black's bishop's pair has great potential
as well.} Rxb1 28. Naxb1 Ra8 29. Be2 g4 $1 {[%csl Ge5] Fixing White's kingside
pawns and securing the stronghold e5.} 30. Kg2 c4 {Opening space for black's
bishops.} 31. h3 h5 32. hxg4 hxg4 {Black is clearly dominating. It is unlikely
that White can save this position.} 33. Rc1 Bc6 34. Rc2 f5 35. Nd2 Bb4 36. Nxc4
{This loses by force, but it's hard to blame White for this mistake in such a
bad position.} (36. Bxc4 Nxc4 37. Nxc4 Rc8 $1 $19 {[%csl Rc2,Rc3,Rc4][%cal
Gc8c2]} ({Less strong is} 37... Bxc3 $6 38. Rxc3 Bxe4+ 39. Kf1 $1 $17)) (36.
Kf1 Bxc3 37. Rxc3 Rxa2 38. Nxc4 Ra1+ 39. Kg2 Bxe4+ $19) (36. a4 $1 {was the
only way to resist.}) 36... Bxc3 37. Rxc3 Bxe4+ 38. Kf1 Rc8 {[%cal Rc8c3] The
pin along the c-file is decisive. White loses at least an exchange.} 39. a4 Bd5
0-1